Honeypie - The Beatles Lyrics Quiz - Statistics

General Stats
  • This quiz has been taken 20 times
    7 since last reset
  • The average score is 155 of 176
Answer Stats
Answer % Correct
a
100%
across
100%
are
100%
Atlantic
100%
be
100%
belong
100%
but
100%
come
100%
Come
100%
crazy
100%
driving
100%
England
100%
frantic
100%
girl
100%
Hollywood
100%
home
100%
Honey
100%
I
100%
I'm
100%
In
100%
in
100%
lazy
100%
love
100%
Makes
100%
making
100%
me
100%
North
100%
of
100%
Of
100%
Oh
100%
Pie
100%
pie
100%
please
100%
Sail
100%
She
100%
she
100%
she's
100%
so
100%
So
100%
the
100%
to
100%
was
100%
way
100%
where
100%
won't
100%
you
100%
You
100%
your
100%
And
75%
and
75%
back
75%
became
75%
big
75%
could
75%
hear
75%
her
75%
hit
75%
if
75%
is
75%
it
75%
kind
75%
Kindly
75%
knee
75%
legend
75%
like
75%
magic
75%
music
75%
my
75%
Now
75%
now
75%
only
75%
play
75%
Play
75%
position
75%
screen
75%
send
75%
show
75%
silver
75%
that
75%
thought
75%
time
75%
tragic
75%
USA
75%
weak
75%
what
75%
Will
75%
working
75%
blew
50%
Blues
50%
boat
50%
hot
50%
Hot
50%
I'd
50%
meeting
50%
ooh
50%
sailing
50%
say
50%
sea
50%
song
50%
this
50%
wind
50%
Yea
25%
No matching quizzes found
Score Distribution
Percent of People with Each Score
Percentile by Number Answered
Your Score History
You have not taken this quiz since the last reset